000 00750nam a22002537a 4500
005 20170124110010.0
010 _a930166
020 _c00.00
035 _a930166
037 _bCen Lib/Ret
040 _aDPL
_bEN
082 _a370.954
_bAIR
100 _aAiran, J.W.
_917690
245 _aEducational reforms of india /
_cby J.W. Airan, J. Barnbas [and] A.B. Shah
260 _bSachin Publications
_aAjmer
_c1979
270 _bAjmer
_apurani mandi
300 _axv, 176p.
_c20cm(Hb)
500 _aIncludes bibliographical references and index
650 _aEducation
_91169
650 _aDeveloping society
_917691
700 _aBarnbas, J.
_917692
700 _aShah, A.B.
_93942
942 _2ddc
_cEN
_h370.954
_mAIR
999 _c126499
_d126499